000 00630nam a2200217 4500
001 00028759
005 20260413102725.0
008 260413b ag ||||| |||| 00| 0 spa d
020 _a9789870416678
040 _aAR-CcCEOS
_bspa
_cAR-CcCEOS
041 _aspa
080 _a51
090 _bMAT v.11
245 _aLa enciclopedia del estudiante :
_bMatemática I
250 _a1ª ed.
260 _aBuenos Aires :
_bAguilar,
_c2011.
300 _av. 11, 320 p. ;
_c28x20 cm.
490 _vLa enciclopedia del estudiante ; 11
655 0 _aenciclopedias
_vmaterial auxiliar para la enseñanza
_91047
942 _2udc
_n0
_cBK
999 _c28794
_d28794